书目信息 |
| 题名: |
概率论与数理统计能力试题题解
|
|
| 作者: | 张学元 | |
| 分册: | ||
| 出版信息: | 武汉 华中工学院出版社 2001.8 |
|
| 页数: | 493页 | |
| 开本: | 20cm | |
| 丛书名: | ||
| 单 册: | ||
| 中图分类: | O21-44 | |
| 科图分类: | ||
| 主题词: | 概率论 , 数理统计 | |
| 电子资源: | ||
| ISBN: | 7-5609-2513-8 | |
| 000 | 00598nam0 2200205 45 | |
| 001 | 0257170516 | |
| 005 | 2002112215525018 | |
| 010 | @a7-5609-2513-8@dRMB 18.50 | |
| 100 | @a20021122d2001 km y0chiy0120 ea | |
| 101 | 0 | @achi |
| 102 | @aCN@b420000 | |
| 200 | 1 | @a概率论与数理统计能力试题题解@Agai lu lun yu shu li tong ji neng li shi ti ti jie@f张学元@Fzhang xue yuan |
| 210 | @a武汉@c华中工学院出版社@d2001.8 | |
| 215 | @a493页@d20cm | |
| 606 | 0 | @a概率论 |
| 606 | 0 | @a数理统计 |
| 690 | @aO21-44@v3 | |
| 701 | 0 | @a张学元@Azhang xue yuan |
| 801 | 0 | @aCN@bPFT@c20021122 |
| 905 | @a10447@dO21-44@eZ210 | |
| 概率论与数理统计能力试题题解/张学元.-武汉:华中工学院出版社,2001.8 |
| 493页;20cm |
| ISBN 7-5609-2513-8:RMB 18.50 |
| ● |
| 相关链接 |
|
|
|
正题名:概率论与数理统计能力试题题解
索取号:O21-44/Z210
 
预约/预借
| 序号 | 登录号 | 条形码 | 馆藏地/架位号 | 状态 | 备注 |
| 1 | 360933 | 203609336 | 自科库401/401自科库 47排4列1层/ [索取号:O21-44/Z210] | 在馆 | |
| 2 | 360934 | 203609345 | 自科库401/401自科库 47排4列1层/ [索取号:O21-44/Z210] | 在馆 | |
| 3 | 360935 | 203609354 | 自科库401/401自科库 47排4列1层/ [索取号:O21-44/Z210] | 在馆 | |
| 4 | 360936 | 203609363 | 自科库401/401自科库 47排4列1层/ [索取号:O21-44/Z210] | 在馆 | |
| 5 | 360937 | 203609372 | 自科库401/ [索取号:O21-44/Z210] | 在馆 | |
| 6 | 360938 | 203609381 | 自科库401/401自科库 47排4列1层/ [索取号:O21-44/Z210] | 在馆 |